00322nam a2200133Ia 4500003000400000008004100004020002300045040000800068100002100076245003700097260002800134300001500162365001100177LDD181029s9999 xx 000 0 und d a8183241530c495.00 cLDD aDevi, S.Dayabati 0aAgeing in womancS.Dayabati Devi aNew DelhibMittalc2006 axxii, 225p b495.00